[Event "European Women's Championship"]
[Site "Vysoke Tatry"]
[Date "2018.04.14"]
[Round "7"]
[White "Zimina, Olga"]
[Black "Unuk, Laura"]
[Result "0-1"]
[Board "15"]
[WhiteElo "2414"]
[WhiteTitle "IM"]
[WhiteCountry "ITA"]
[WhiteFideId "4132190"]
[WhiteEloChange "-6"]
[BlackElo "2329"]
[BlackTitle "WIM"]
[BlackCountry "SLO"]
[BlackFideId "14609215"]
[BlackEloChange "12"]

1. Nf3 {[%clk 1:30:53]} d5 {[%clk 1:30:37]} 2. c4 {[%clk 1:31:18]} e6 {[%clk
1:30:51]} 3. g3 {[%clk 1:31:42]} Nf6 {[%clk 1:29:45]} 4. Bg2 {[%clk 1:32:03]} Be7
{[%clk 1:30:10]} 5. O-O {[%clk 1:32:28]} O-O {[%clk 1:30:29]} 6. d4 {[%clk
1:32:54]} dxc4 {[%clk 1:30:38]} 7. Qc2 {[%clk 1:33:19]} b6 {[%clk 1:30:55]} 8.
Qxc4 {[%clk 1:33:43]} Bb7 {[%clk 1:31:15]} 9. Nc3 {[%clk 1:34:07]} c5 {[%clk
1:30:46]} 10. Rd1 {[%clk 1:34:30]} Nbd7 {[%clk 1:30:24]} 11. Ne5 {[%clk 1:34:26]}
Bxg2 {[%clk 1:16:32]} 12. Kxg2 {[%clk 1:34:43]} Qc8 {[%clk 1:09:38]} 13. Nxd7
{[%clk 1:34:03]} Qxd7 {[%clk 1:09:40]} 14. dxc5 {[%clk 1:34:15]} Qc6+ {[%clk
1:10:00]} 15. f3 {[%clk 1:34:33]} Qxc5 {[%clk 0:59:56]} 16. Qxc5 {[%clk 1:32:18]}
Bxc5 {[%clk 1:00:22]} 17. Bf4 {[%clk 1:22:25]} Rfd8 {[%clk 0:54:25]} 18. Bc7
{[%clk 1:19:26]} Rdc8 {[%clk 0:46:22]} 19. Be5 {[%clk 1:19:03]} Rd8 {[%clk
0:46:17]} 20. e4 {[%clk 1:12:35]} Rac8 {[%clk 0:42:03]} 21. Nb5 {[%clk 0:48:40]}
a6 {[%clk 0:34:12]} 22. Nc3 {[%clk 0:47:09]} b5 {[%clk 0:28:27]} 23. a3 {[%clk
0:46:19]} Be3 {[%clk 0:22:59]} 24. Bc7 {[%clk 0:39:39]} Rd7 {[%clk 0:14:39]} 25.
Ba5 {[%clk 0:29:41]} h5 {[%clk 0:14:24]} 26. Kf1 {[%clk 0:29:52]} Bd4 {[%clk
0:09:33]} 27. Rd3 {[%clk 0:28:43]} Bb6 {[%clk 0:09:13]} 28. Rxd7 {[%clk 0:27:03]}
Nxd7 {[%clk 0:09:39]} 29. Bb4 {[%clk 0:24:18]} Ne5 {[%clk 0:08:07]} 30. Ke2
{[%clk 0:23:04]} Nc6 {[%clk 0:04:35]} 31. Kf1 {[%clk 0:09:06]} Nd4 {[%clk
0:03:53]} 32. f4 {[%clk 0:05:58]} a5 {[%clk 0:02:57]} 33. Be7 {[%clk 0:04:50]}
Rc4 {[%clk 0:02:31]} 34. Rd1 {[%clk 0:04:40]} b4 {[%clk 0:02:13]} 35. axb4 {[%clk
0:04:39]} axb4 {[%clk 0:02:40]} 36. Na4 {[%clk 0:04:35]} Ba7 {[%clk 0:02:17]} 37.
Bd8 {[%clk 0:01:16]} Rc2 {[%clk 0:01:56]} 38. Rd3 {[%clk 0:01:02]} Rxh2 {[%clk
0:00:58]} 39. Bb6 {[%clk 0:00:38]} Bxb6 {[%clk 0:01:10]} 40. Nxb6 {[%clk
0:31:06]} Ne2 {[%clk 0:30:36]} 41. f5 {[%clk 0:19:23]} exf5 {[%clk 0:22:49]} 42.
exf5 {[%clk 0:19:30]} Nc1 {[%clk 0:22:41]} 43. Rd8+ {[%clk 0:18:46]} Kh7 {[%clk
0:23:07]} 44. Nc4 {[%clk 0:13:19]} f6 {[%clk 0:16:26]} 45. Rd4 {[%clk 0:01:08]}
Rc2 {[%clk 0:11:42]} 46. Ke1 {[%clk 0:01:03]} Ne2 {[%clk 0:11:15]} 47. Rh4 {[%clk
0:00:48]} Nxg3 {[%clk 0:10:46]} 48. Kd1 {[%clk 0:01:02]} Rf2 {[%clk 0:06:51]} 49.
Rh3 {[%clk 0:01:30]} Nxf5 {[%clk 0:06:04]} 50. Rxh5+ {[%clk 0:01:58]} Kg6 {[%clk
0:06:30]} 51. Rh8 {[%clk 0:02:24]} b3 {[%clk 0:05:05]} 52. Nd2 {[%clk 0:01:26]}
Nd4 {[%clk 0:04:54]} 53. Ke1 {[%clk 0:01:52]} Re2+ {[%clk 0:04:53]} 54. Kd1
{[%clk 0:02:18]} Rg2 {[%clk 0:05:14]} 55. Ke1 {[%clk 0:02:39]} Kf5 {[%clk
0:04:35]} 56. Rd8 {[%clk 0:02:50]} Nc2+ {[%clk 0:03:57]} 57. Kd1 {[%clk 0:03:18]}
Ne3+ {[%clk 0:02:38]} 58. Ke1 {[%clk 0:03:46]} g5 {[%clk 0:03:03]} 59. Rb8 {[%clk
0:03:24]} Nc2+ {[%clk 0:02:33]} 60. Kd1 {[%clk 0:03:52]} Nd4 {[%clk 0:02:05]} 61.
Nxb3 {[%clk 0:02:15]} Nxb3 {[%clk 0:01:52]} 62. Rxb3 {[%clk 0:02:43]} g4 {[%clk
0:01:39]} 63. Ke1 {[%clk 0:02:52]} Kf4 {[%clk 0:01:54]} 64. Rb8 {[%clk 0:00:49]}
f5 {[%clk 0:01:55]} 65. Rb5 {[%clk 0:00:59]} g3 {[%clk 0:01:22]} 66. Kf1 {[%clk
0:00:53]} Rc2 {[%clk 0:01:47]} 67. b4 {[%clk 0:01:04]} Rb2 {[%clk 0:01:30]} 68.
Kg1 {[%clk 0:00:34]} Kg4 {[%clk 0:01:49]} 69. Kf1 {[%clk 0:00:49]} g2+ {[%clk
0:01:50]} 0-1

[Event "European Women's Championship"]
[Site "Vysoke Tatry"]
[Date "2018.04.14"]
[Round "7"]
[White "Maltsevskaya, Aleksandra"]
[Black "Shvayger, Yuliya"]
[Result "0-1"]
[Board "16"]
[WhiteElo "2237"]
[WhiteCountry "RUS"]
[WhiteFideId "24174041"]
[WhiteEloChange "-6"]
[BlackElo "2404"]
[BlackTitle "IM"]
[BlackCountry "ISR"]
[BlackFideId "14100126"]
[BlackEloChange "3"]

1. e4 {[%clk 1:30:56]} e5 {[%clk 1:30:48]} 2. Nf3 {[%clk 1:31:18]} Nf6 {[%clk
1:31:11]} 3. Nxe5 {[%clk 1:31:04]} d6 {[%clk 1:31:21]} 4. Nf3 {[%clk 1:31:26]}
Nxe4 {[%clk 1:31:43]} 5. d4 {[%clk 1:30:11]} d5 {[%clk 1:31:53]} 6. c4 {[%clk
1:30:35]} Bb4+ {[%clk 1:29:09]} 7. Nbd2 {[%clk 1:30:10]} O-O {[%clk 1:25:46]} 8.
Be2 {[%clk 1:29:56]} dxc4 {[%clk 1:08:20]} 9. O-O {[%clk 1:24:33]} Bxd2 {[%clk
1:06:21]} 10. Bxd2 {[%clk 1:23:47]} Be6 {[%clk 1:06:36]} 11. Bf4 {[%clk 0:54:42]}
Nc6 {[%clk 1:01:54]} 12. Rc1 {[%clk 0:44:33]} b5 {[%clk 0:58:04]} 13. b3 {[%clk
0:40:03]} Nb4 {[%clk 0:45:37]} 14. bxc4 {[%clk 0:39:46]} Nxa2 {[%clk 0:46:01]}
15. Rc2 {[%clk 0:37:07]} Nb4 {[%clk 0:43:16]} 16. Rc1 {[%clk 0:29:50]} bxc4
{[%clk 0:42:40]} 17. Bxc4 {[%clk 0:28:31]} Bxc4 {[%clk 0:43:03]} 18. Rxc4 {[%clk
0:28:56]} Nd5 {[%clk 0:43:20]} 19. Qc1 {[%clk 0:26:13]} Nd6 {[%clk 0:34:15]} 20.
Rc5 {[%clk 0:25:44]} Nxf4 {[%clk 0:32:41]} 21. Qxf4 {[%clk 0:26:05]} a5 {[%clk
0:32:50]} 22. Rfc1 {[%clk 0:21:42]} a4 {[%clk 0:33:10]} 23. Ne5 {[%clk 0:15:18]}
a3 {[%clk 0:32:59]} 24. Ra1 {[%clk 0:14:58]} Ra4 {[%clk 0:29:47]} 25. h3 {[%clk
0:04:22]} f6 {[%clk 0:24:35]} 26. Nc6 {[%clk 0:01:54]} Qd7 {[%clk 0:24:21]} 27.
Qe3 {[%clk 0:01:22]} Rfa8 {[%clk 0:23:28]} 28. Ne7+ {[%clk 0:01:36]} Kf8 {[%clk
0:22:09]} 29. Nd5 {[%clk 0:02:02]} Ne8 {[%clk 0:11:00]} 30. Qd3 {[%clk 0:01:26]}
Kg8 {[%clk 0:10:47]} 31. Nc3 {[%clk 0:00:33]} Qxd4 {[%clk 0:06:20]} 32. Qxd4
{[%clk 0:00:35]} Rxd4 {[%clk 0:06:48]} 33. Nb5 {[%clk 0:00:59]} Rda4 {[%clk
0:00:59]} 34. Nxc7 {[%clk 0:01:06]} Rc8 {[%clk 0:01:26]} 35. Ne6 {[%clk 0:01:17]}
Rxc5 {[%clk 0:01:37]} 36. Nxc5 {[%clk 0:01:42]} Ra5 {[%clk 0:01:38]} 37. Nb3
{[%clk 0:01:05]} Ra8 {[%clk 0:02:06]} 38. Nd4 {[%clk 0:00:39]} Nd6 {[%clk
0:02:18]} 39. Nc2 {[%clk 0:00:52]} Nc4 {[%clk 0:02:08]} 40. Kf1 {[%clk 0:30:45]}
Kf7 {[%clk 0:30:47]} 41. Ke2 {[%clk 0:29:43]} Ke6 {[%clk 0:30:19]} 42. Kd3 {[%clk
0:29:48]} Kd5 {[%clk 0:24:19]} 43. Kc3 {[%clk 0:26:56]} Nd6 {[%clk 0:24:22]} 44.
f3 {[%clk 0:22:26]} Ke5 {[%clk 0:22:11]} 45. g3 {[%clk 0:14:41]} a2 {[%clk
0:16:32]} 46. Re1+ {[%clk 0:12:23]} Kf5 {[%clk 0:14:45]} 47. Ra1 {[%clk 0:07:15]}
Kg6 {[%clk 0:13:18]} 48. Kb3 {[%clk 0:04:02]} Nf5 {[%clk 0:07:40]} 49. g4 {[%clk
0:04:05]} Nh4 {[%clk 0:08:08]} 50. Nd4 {[%clk 0:04:29]} Re8 {[%clk 0:06:16]} 51.
Kc4 {[%clk 0:03:08]} Re3 {[%clk 0:04:37]} 52. f4 {[%clk 0:02:12]} Ra3 {[%clk
0:02:51]} 53. Ne6 {[%clk 0:01:01]} Kf7 {[%clk 0:02:18]} 54. Nd8+ {[%clk 0:00:59]}
Ke7 {[%clk 0:02:20]} 55. Nc6+ {[%clk 0:01:23]} Kd6 {[%clk 0:02:42]} 56. Nd4
{[%clk 0:01:50]} Ra4+ {[%clk 0:02:54]} 57. Kd3 {[%clk 0:01:56]} g6 {[%clk
0:03:10]} 58. Nb5+ {[%clk 0:01:20]} Kc5 {[%clk 0:03:32]} 59. Nc3 {[%clk 0:01:45]}
Rxf4 {[%clk 0:03:11]} 60. Ne4+ {[%clk 0:01:14]} Kd5 {[%clk 0:03:22]} 61. Nc3+
{[%clk 0:01:28]} Kc5 {[%clk 0:01:12]} 62. Ne4+ {[%clk 0:01:51]} Kd5 {[%clk
0:01:08]} 63. Nc3+ {[%clk 0:02:17]} Ke5 {[%clk 0:01:32]} 64. Rxa2 {[%clk
0:00:58]} Rf3+ {[%clk 0:01:46]} 65. Kc4 {[%clk 0:01:25]} Rxh3 {[%clk 0:01:57]}
66. Nd5 {[%clk 0:01:18]} f5 {[%clk 0:01:50]} 67. Re2+ {[%clk 0:01:29]} Kd6 {[%clk
0:02:17]} 68. Nf6 {[%clk 0:01:04]} fxg4 {[%clk 0:01:42]} 69. Ne8+ {[%clk
0:00:54]} Kc6 {[%clk 0:02:10]} 70. Re7 {[%clk 0:01:01]} Nf5 {[%clk 0:02:16]} 71.
Rc7+ {[%clk 0:00:43]} Kb6 {[%clk 0:02:45]} 72. Rf7 {[%clk 0:01:07]} Re3 {[%clk
0:02:23]} 73. Rf6+ {[%clk 0:00:57]} Kb7 {[%clk 0:02:45]} 74. Rf7+ {[%clk
0:00:33]} Kc6 {[%clk 0:02:34]} 75. Rf8 {[%clk 0:00:34]} Rxe8 {[%clk 0:02:52]} 0-1

[Event "European Women's Championship"]
[Site "Vysoke Tatry"]
[Date "2018.04.14"]
[Round "7"]
[White "Osmanodja, Filiz"]
[Black "Szczepkowska, Karina"]
[Result "1/2-1/2"]
[Board "17"]
[WhiteElo "2300"]
[WhiteTitle "WIM"]
[WhiteCountry "GER"]
[WhiteFideId "24633569"]
[WhiteEloChange "3"]
[BlackElo "2403"]
[BlackTitle "IM"]
[BlackCountry "POL"]
[BlackFideId "1122681"]
[BlackEloChange "-1"]

1. e4 {[%clk 1:30:58]} e5 {[%clk 1:30:53]} 2. Nf3 {[%clk 1:31:26]} Nc6 {[%clk
1:31:16]} 3. Bb5 {[%clk 1:31:54]} Nf6 {[%clk 1:31:37]} 4. O-O {[%clk 1:31:57]}
Nxe4 {[%clk 1:31:33]} 5. Re1 {[%clk 1:31:58]} Nd6 {[%clk 1:30:30]} 6. Nxe5 {[%clk
1:32:14]} Be7 {[%clk 1:30:32]} 7. Bf1 {[%clk 1:20:34]} Nxe5 {[%clk 1:30:38]} 8.
Rxe5 {[%clk 1:21:02]} O-O {[%clk 1:31:00]} 9. d4 {[%clk 1:15:06]} Bf6 {[%clk
1:31:13]} 10. Re1 {[%clk 1:14:51]} Re8 {[%clk 1:29:16]} 11. Nc3 {[%clk 1:06:20]}
c6 {[%clk 0:58:21]} 12. Bf4 {[%clk 0:59:34]} Rxe1 {[%clk 0:47:16]} 13. Qxe1
{[%clk 0:59:53]} Ne8 {[%clk 0:44:14]} 14. d5 {[%clk 0:52:51]} d6 {[%clk 0:43:52]}
15. Bd3 {[%clk 0:44:59]} g6 {[%clk 0:39:01]} 16. Rd1 {[%clk 0:39:56]} Bd7 {[%clk
0:36:40]} 17. Bc4 {[%clk 0:31:00]} c5 {[%clk 0:31:21]} 18. Ne4 {[%clk 0:27:15]}
Be7 {[%clk 0:26:07]} 19. Qe2 {[%clk 0:20:21]} a6 {[%clk 0:23:05]} 20. c3 {[%clk
0:17:10]} Bf5 {[%clk 0:20:37]} 21. Re1 {[%clk 0:14:04]} Bxe4 {[%clk 0:19:59]} 22.
Qxe4 {[%clk 0:14:32]} Bf8 {[%clk 0:20:12]} 23. Qe3 {[%clk 0:11:14]} Ng7 {[%clk
0:19:58]} 24. Bd3 {[%clk 0:10:37]} Qd7 {[%clk 0:19:03]} 25. Qf3 {[%clk 0:09:42]}
Re8 {[%clk 0:16:29]} 26. Re3 {[%clk 0:09:28]} Rxe3 {[%clk 0:15:43]} 27. fxe3
{[%clk 0:09:06]} Nh5 {[%clk 0:15:51]} 28. Bg5 {[%clk 0:08:54]} Be7 {[%clk
0:15:12]} 29. Bh6 {[%clk 0:06:47]} Bf8 {[%clk 0:13:55]} 30. Bg5 {[%clk 0:05:17]}
Qa4 {[%clk 0:05:52]} 31. g4 {[%clk 0:04:27]} Ng7 {[%clk 0:06:13]} 32. Bb1 {[%clk
0:03:25]} Qb5 {[%clk 0:04:58]} 33. b3 {[%clk 0:03:35]} Qe8 {[%clk 0:03:37]} 34.
Qe4 {[%clk 0:02:42]} Qxe4 {[%clk 0:03:44]} 35. Bxe4 {[%clk 0:03:11]} Ne8 {[%clk
0:03:36]} 36. Bd8 {[%clk 0:03:25]} Bg7 {[%clk 0:03:31]} 37. c4 {[%clk 0:02:49]}
Bf6 {[%clk 0:02:22]} 38. Ba5 {[%clk 0:02:21]} Bg5 {[%clk 0:02:32]} 39. Kf2 {[%clk
0:02:30]} Nf6 {[%clk 0:02:24]} 40. Bf3 {[%clk 0:32:16]} Nd7 {[%clk 0:32:11]} 41.
Bc7 {[%clk 0:29:06]} Be7 {[%clk 0:30:18]} 42. g5 {[%clk 0:15:06]} Kf8 {[%clk
0:23:05]} 43. Bg4 {[%clk 0:13:47]} Ke8 {[%clk 0:23:27]} 44. e4 {[%clk 0:08:41]}
Bf8 {[%clk 0:11:55]} 45. Ke3 {[%clk 0:04:08]} Ke7 {[%clk 0:09:43]} 46. e5 {[%clk
0:04:36]} dxe5 {[%clk 0:08:47]} 47. d6+ {[%clk 0:03:58]} Ke8 {[%clk 0:09:12]} 48.
Bf3 {[%clk 0:04:04]} e4 {[%clk 0:08:12]} 49. Bxe4 {[%clk 0:03:28]} Ne5 {[%clk
0:08:04]} 50. Bxb7 {[%clk 0:02:02]} Kd7 {[%clk 0:08:32]} 51. Bxa6 {[%clk
0:01:39]} Bxd6 {[%clk 0:08:56]} 52. Bxd6 {[%clk 0:01:57]} Kxd6 {[%clk 0:09:25]}
53. h3 {[%clk 0:01:30]} Nc6 {[%clk 0:07:39]} 54. Bb5 {[%clk 0:01:46]} Nd4 {[%clk
0:07:27]} 55. Ke4 {[%clk 0:01:18]} Ne6 {[%clk 0:06:45]} 56. h4 {[%clk 0:01:47]}
Nd4 {[%clk 0:06:12]} 57. Be8 {[%clk 0:01:18]} Ke7 {[%clk 0:06:37]} 58. Bb5 {[%clk
0:00:53]} Kd6 {[%clk 0:07:02]} 59. b4 {[%clk 0:00:41]} Nf5 {[%clk 0:07:01]} 60.
bxc5+ {[%clk 0:01:00]} Kxc5 {[%clk 0:07:24]} 61. a4 {[%clk 0:00:50]} Nxh4 {[%clk
0:07:35]} 62. a5 {[%clk 0:00:41]} Nf5 {[%clk 0:07:37]} 63. a6 {[%clk 0:00:49]}
Kb6 {[%clk 0:07:53]} 64. Ke5 {[%clk 0:00:49]} h5 {[%clk 0:07:24]} 65. gxh6 {[%clk
0:01:13]} Nxh6 {[%clk 0:07:52]} 66. c5+ {[%clk 0:01:00]} Kc7 {[%clk 0:07:25]} 67.
c6 {[%clk 0:00:45]} Ng4+ {[%clk 0:07:26]} 68. Kd4 {[%clk 0:00:49]} Kb6 {[%clk
0:07:13]} 69. Be2 {[%clk 0:00:41]} Nf6 {[%clk 0:07:15]} 70. Ke5 {[%clk 0:00:41]}
Ne8 {[%clk 0:07:25]} 71. Bc4 {[%clk 0:00:49]} 1/2-1/2

[Event "European Women's Championship"]
[Site "Vysoke Tatry"]
[Date "2018.04.14"]
[Round "7"]
[White "Savina, Anastasia"]
[Black "Cramling, Pia"]
[Result "0-1"]
[Board "18"]
[WhiteElo "2358"]
[WhiteTitle "IM"]
[WhiteCountry "RUS"]
[WhiteFideId "4196872"]
[WhiteEloChange "-7"]
[BlackElo "2472"]
[BlackTitle "GM"]
[BlackCountry "SWE"]
[BlackFideId "1700030"]
[BlackEloChange "3"]

1. d4 {[%clk 1:30:52]} Nf6 {[%clk 1:30:53]} 2. c4 {[%clk 1:31:19]} e6 {[%clk
1:31:17]} 3. Nc3 {[%clk 1:31:27]} Bb4 {[%clk 1:31:41]} 4. Nf3 {[%clk 1:31:41]}
O-O {[%clk 1:31:17]} 5. g3 {[%clk 1:28:40]} d5 {[%clk 1:24:02]} 6. Bg2 {[%clk
1:26:14]} dxc4 {[%clk 1:18:23]} 7. O-O {[%clk 1:25:18]} Nc6 {[%clk 1:18:23]} 8.
Qa4 {[%clk 1:22:28]} Nd5 {[%clk 1:05:17]} 9. Qc2 {[%clk 1:14:46]} Be7 {[%clk
1:01:21]} 10. Rd1 {[%clk 0:56:02]} Rb8 {[%clk 0:41:37]} 11. e4 {[%clk 0:24:36]}
Ndb4 {[%clk 0:41:14]} 12. Qe2 {[%clk 0:21:31]} b5 {[%clk 0:35:09]} 13. a4 {[%clk
0:18:32]} bxa4 {[%clk 0:34:58]} 14. Rxa4 {[%clk 0:17:59]} Nd3 {[%clk 0:33:30]}
15. d5 {[%clk 0:10:52]} exd5 {[%clk 0:32:43]} 16. exd5 {[%clk 0:11:15]} Ncb4
{[%clk 0:29:59]} 17. Be3 {[%clk 0:09:58]} a6 {[%clk 0:27:41]} 18. Nd4 {[%clk
0:06:56]} Bf6 {[%clk 0:21:06]} 19. Na2 {[%clk 0:01:04]} Bd7 {[%clk 0:16:38]} 20.
Ra3 {[%clk 0:01:10]} Re8 {[%clk 0:14:20]} 21. Qd2 {[%clk 0:00:33]} Nxa2 {[%clk
0:11:41]} 22. Rxa2 {[%clk 0:01:01]} Qe7 {[%clk 0:11:53]} 23. Qc3 {[%clk 0:00:32]}
Qb4 {[%clk 0:11:02]} 24. Rxa6 {[%clk 0:00:33]} Nxb2 {[%clk 0:09:19]} 25. Qxb4
{[%clk 0:00:47]} Rxb4 {[%clk 0:09:43]} 26. Rda1 {[%clk 0:00:51]} c3 {[%clk
0:08:26]} 27. Nc2 {[%clk 0:00:58]} Ra4 {[%clk 0:07:37]} 28. Ra7 {[%clk 0:00:37]}
Be5 {[%clk 0:07:19]} 29. f4 {[%clk 0:00:32]} Bd6 {[%clk 0:07:32]} 30. Bd4 {[%clk
0:00:33]} Rxd4 {[%clk 0:04:52]} 31. Nxd4 {[%clk 0:00:58]} Bc5 {[%clk 0:05:17]}
32. Rxc7 {[%clk 0:01:13]} Bxd4+ {[%clk 0:05:38]} 33. Kh1 {[%clk 0:01:42]} Bf5
{[%clk 0:04:12]} 34. d6 {[%clk 0:01:47]} Nd3 {[%clk 0:04:01]} 35. Re7 {[%clk
0:00:38]} Nf2+ {[%clk 0:02:21]} 36. Kg1 {[%clk 0:01:06]} Ne4+ {[%clk 0:02:40]}
37. Kf1 {[%clk 0:00:41]} Nxd6 {[%clk 0:03:02]} 38. Rxe8+ {[%clk 0:00:45]} Nxe8
{[%clk 0:03:30]} 39. Ra8 {[%clk 0:00:36]} Bd7 {[%clk 0:03:39]} 40. Ke1 {[%clk
0:30:36]} Kf8 {[%clk 0:32:44]} 41. Be4 {[%clk 0:22:24]} Ke7 {[%clk 0:32:10]} 0-1

[Event "European Women's Championship"]
[Site "Vysoke Tatry"]
[Date "2018.04.14"]
[Round "7"]
[White "Girya, Olga"]
[Black "Rapport, Jovana"]
[Result "1/2-1/2"]
[Board "19"]
[WhiteElo "2470"]
[WhiteTitle "WGM"]
[WhiteCountry "RUS"]
[WhiteFideId "4195752"]
[WhiteEloChange "-2"]
[BlackElo "2328"]
[BlackTitle "WGM"]
[BlackCountry "SRB"]
[BlackFideId "937266"]
[BlackEloChange "4"]

1. d4 {[%clk 1:30:57]} e6 {[%clk 1:30:16]} 2. c4 {[%clk 1:31:18]} b6 {[%clk
1:30:24]} 3. e4 {[%clk 1:26:43]} Bb4+ {[%clk 1:30:34]} 4. Bd2 {[%clk 1:25:14]}
Bxd2+ {[%clk 1:30:57]} 5. Nxd2 {[%clk 1:21:41]} Ne7 {[%clk 1:31:13]} 6. Ngf3
{[%clk 1:20:45]} d6 {[%clk 1:30:04]} 7. Bd3 {[%clk 1:16:53]} Nd7 {[%clk 1:29:23]}
8. O-O {[%clk 1:16:41]} Ng6 {[%clk 1:16:15]} 9. Bc2 {[%clk 1:04:55]} e5 {[%clk
1:14:48]} 10. Ba4 {[%clk 1:04:28]} O-O {[%clk 1:13:11]} 11. Bc6 {[%clk 1:00:03]}
Rb8 {[%clk 1:13:16]} 12. Qa4 {[%clk 0:51:22]} a6 {[%clk 1:10:50]} 13. Qa3 {[%clk
0:45:22]} Qf6 {[%clk 0:56:45]} 14. Bxd7 {[%clk 0:38:33]} Bxd7 {[%clk 0:57:10]}
15. dxe5 {[%clk 0:35:11]} dxe5 {[%clk 0:57:36]} 16. Qc3 {[%clk 0:29:07]} c5
{[%clk 0:50:02]} 17. Rfd1 {[%clk 0:24:59]} Bc6 {[%clk 0:49:54]} 18. Re1 {[%clk
0:16:12]} Rbd8 {[%clk 0:44:55]} 1/2-1/2

[Event "European Women's Championship"]
[Site "Vysoke Tatry"]
[Date "2018.04.14"]
[Round "7"]
[White "Kashlinskaya, Alina"]
[Black "Tomilova, Elena"]
[Result "0-1"]
[Board "20"]
[WhiteElo "2450"]
[WhiteTitle "IM"]
[WhiteCountry "RUS"]
[WhiteFideId "4198026"]
[WhiteEloChange "-7"]
[BlackElo "2326"]
[BlackTitle "WIM"]
[BlackCountry "RUS"]
[BlackFideId "4162340"]
[BlackEloChange "13"]

1. d4 {[%clk 1:30:57]} Nf6 {[%clk 1:30:53]} 2. c4 {[%clk 1:31:19]} e6 {[%clk
1:31:17]} 3. Nf3 {[%clk 1:31:32]} b6 {[%clk 1:31:34]} 4. g3 {[%clk 1:31:33]} Ba6
{[%clk 1:31:50]} 5. Qc2 {[%clk 1:30:58]} Bb7 {[%clk 1:31:58]} 6. Bg2 {[%clk
1:31:10]} c5 {[%clk 1:31:28]} 7. d5 {[%clk 1:29:58]} exd5 {[%clk 1:28:55]} 8.
cxd5 {[%clk 1:30:22]} Nxd5 {[%clk 1:25:33]} 9. O-O {[%clk 1:30:11]} Nf6 {[%clk
1:11:42]} 10. Nc3 {[%clk 1:28:22]} Be7 {[%clk 1:10:22]} 11. e4 {[%clk 1:22:49]}
Nc6 {[%clk 0:58:07]} 12. Rd1 {[%clk 1:10:52]} Nb4 {[%clk 0:51:21]} 13. Qb1 {[%clk
0:55:34]} c4 {[%clk 0:38:37]} 14. b3 {[%clk 0:51:28]} Rc8 {[%clk 0:35:27]} 15.
bxc4 {[%clk 0:49:09]} Rxc4 {[%clk 0:35:09]} 16. Qb3 {[%clk 0:48:49]} Rxc3 {[%clk
0:33:17]} 17. Qxc3 {[%clk 0:48:53]} Nxe4 {[%clk 0:33:23]} 18. Qb3 {[%clk
0:39:56]} O-O {[%clk 0:20:15]} 19. Be3 {[%clk 0:35:28]} Na6 {[%clk 0:13:29]} 20.
Ne5 {[%clk 0:25:49]} Nac5 {[%clk 0:12:11]} 21. Qc2 {[%clk 0:26:02]} d5 {[%clk
0:06:23]} 22. Bxc5 {[%clk 0:21:23]} Nxc5 {[%clk 0:06:31]} 23. Nd3 {[%clk
0:21:47]} Qa8 {[%clk 0:04:46]} 24. Rab1 {[%clk 0:19:45]} Rd8 {[%clk 0:05:01]} 25.
h4 {[%clk 0:18:29]} Ne4 {[%clk 0:05:01]} 26. Qb3 {[%clk 0:16:43]} d4 {[%clk
0:04:07]} 27. Re1 {[%clk 0:16:15]} Bf6 {[%clk 0:04:08]} 28. Qb4 {[%clk 0:14:05]}
g6 {[%clk 0:04:08]} 29. Rb2 {[%clk 0:12:23]} Nc3 {[%clk 0:04:07]} 30. Bh3 {[%clk
0:10:14]} h5 {[%clk 0:04:11]} 31. Rd2 {[%clk 0:09:49]} Bd5 {[%clk 0:03:33]} 32.
a3 {[%clk 0:07:29]} Re8 {[%clk 0:03:45]} 33. Rc1 {[%clk 0:05:37]} Qb7 {[%clk
0:03:52]} 34. Nf4 {[%clk 0:05:54]} Bf3 {[%clk 0:03:34]} 35. Kh2 {[%clk 0:05:13]}
a5 {[%clk 0:03:03]} 36. Qb3 {[%clk 0:05:07]} a4 {[%clk 0:03:18]} 37. Qb4 {[%clk
0:05:20]} b5 {[%clk 0:02:37]} 38. Bf1 {[%clk 0:03:18]} Kg7 {[%clk 0:02:24]} 39.
Rxd4 {[%clk 0:03:31]} Na2 {[%clk 0:02:38]} 40. Qd2 {[%clk 0:31:11]} Nxc1 {[%clk
0:32:49]} 41. Rd7 {[%clk 0:31:37]} Qc6 {[%clk 0:31:46]} 42. Bh3 {[%clk 0:25:08]}
Nb3 {[%clk 0:29:05]} 43. Qd3 {[%clk 0:25:02]} Be4 {[%clk 0:29:05]} 44. Qe2 {[%clk
0:24:04]} Nd4 {[%clk 0:27:02]} 0-1

[Event "European Women's Championship"]
[Site "Vysoke Tatry"]
[Date "2018.04.14"]
[Round "7"]
[White "Hoang, Thanh Trang"]
[Black "Belenkaya, Dina"]
[Result "1/2-1/2"]
[Board "21"]
[WhiteElo "2437"]
[WhiteTitle "GM"]
[WhiteCountry "HUN"]
[WhiteFideId "12400149"]
[WhiteEloChange "-2"]
[BlackElo "2308"]
[BlackTitle "WGM"]
[BlackCountry "RUS"]
[BlackFideId "24142654"]
[BlackEloChange "4"]

1. d4 {[%clk 1:30:57]} d5 {[%clk 1:30:41]} 2. c4 {[%clk 1:30:37]} dxc4 {[%clk
1:31:05]} 3. e3 {[%clk 1:30:57]} Nf6 {[%clk 1:31:15]} 4. Bxc4 {[%clk 1:31:16]} e6
{[%clk 1:31:39]} 5. Nf3 {[%clk 1:31:31]} a6 {[%clk 1:32:01]} 6. O-O {[%clk
1:31:51]} c5 {[%clk 1:32:25]} 7. dxc5 {[%clk 1:31:05]} Bxc5 {[%clk 1:32:20]} 8.
Qxd8+ {[%clk 1:31:12]} Kxd8 {[%clk 1:32:48]} 9. Be2 {[%clk 1:30:50]} Ke7 {[%clk
1:33:03]} 10. Nbd2 {[%clk 1:30:41]} Bd7 {[%clk 1:31:51]} 11. Nb3 {[%clk 1:29:46]}
Bb6 {[%clk 1:24:18]} 12. Bd2 {[%clk 1:26:25]} Nc6 {[%clk 1:23:38]} 13. Bc3 {[%clk
1:21:54]} Rhd8 {[%clk 1:20:47]} 14. Rfd1 {[%clk 1:18:44]} g6 {[%clk 1:18:26]} 15.
Nfd4 {[%clk 1:10:36]} Nxd4 {[%clk 1:01:40]} 16. Bb4+ {[%clk 1:07:10]} Ke8 {[%clk
1:01:57]} 17. Nxd4 {[%clk 1:06:28]} Ba4 {[%clk 1:00:48]} 18. b3 {[%clk 1:04:57]}
Bxd4 {[%clk 0:56:44]} 19. exd4 {[%clk 1:04:58]} Bc6 {[%clk 0:49:53]} 20. Rac1
{[%clk 1:04:04]} Nd5 {[%clk 0:49:13]} 21. Ba5 {[%clk 1:02:03]} Rdc8 {[%clk
0:49:14]} 22. Bc4 {[%clk 0:57:04]} Ne7 {[%clk 0:45:01]} 23. f3 {[%clk 0:52:13]}
Bd5 {[%clk 0:43:00]} 24. Bd3 {[%clk 0:45:34]} Nc6 {[%clk 0:39:54]} 25. Bb6 {[%clk
0:45:25]} Nb4 {[%clk 0:39:38]} 26. Bb1 {[%clk 0:45:39]} Kd7 {[%clk 0:38:01]} 27.
Kf2 {[%clk 0:41:45]} Bc6 {[%clk 0:37:07]} 28. Ba5 {[%clk 0:36:31]} Nd5 {[%clk
0:37:32]} 29. g3 {[%clk 0:32:34]} b6 {[%clk 0:31:13]} 30. Bd2 {[%clk 0:32:40]} a5
{[%clk 0:24:30]} 31. h4 {[%clk 0:24:24]} f5 {[%clk 0:19:04]} 32. Bd3 {[%clk
0:21:13]} Nb4 {[%clk 0:16:32]} 33. Bxb4 {[%clk 0:16:13]} axb4 {[%clk 0:17:00]}
34. Rd2 {[%clk 0:14:06]} Bd5 {[%clk 0:16:02]} 35. Rxc8 {[%clk 0:14:08]} Rxc8
{[%clk 0:15:52]} 36. Rc2 {[%clk 0:14:10]} Ra8 {[%clk 0:14:59]} 37. Ke3 {[%clk
0:13:00]} Kd6 {[%clk 0:14:43]} 38. Bb5 {[%clk 0:10:27]} h6 {[%clk 0:14:28]} 39.
Bd3 {[%clk 0:07:33]} Rf8 {[%clk 0:08:09]} 40. Bc4 {[%clk 0:35:48]} Bc6 {[%clk
0:34:20]} 41. Kf2 {[%clk 0:25:14]} Re8 {[%clk 0:32:26]} 42. Ke3 {[%clk 0:20:35]}
g5 {[%clk 0:25:02]} 43. hxg5 {[%clk 0:19:01]} hxg5 {[%clk 0:25:29]} 44. Rh2
{[%clk 0:18:56]} b5 {[%clk 0:22:43]} 45. Bd3 {[%clk 0:18:50]} Rf8 {[%clk
0:23:05]} 46. Rh5 {[%clk 0:12:44]} Rg8 {[%clk 0:13:08]} 47. Rh6 {[%clk 0:09:03]}
Kd5 {[%clk 0:12:22]} 48. Rh5 {[%clk 0:08:42]} Kd6 {[%clk 0:09:03]} 49. Rh6 {[%clk
0:07:27]} Kd5 {[%clk 0:07:52]} 50. Rh5 {[%clk 0:07:39]} Bd7 {[%clk 0:07:29]} 51.
Rh7 {[%clk 0:06:43]} Kd6 {[%clk 0:07:20]} 52. Rh6 {[%clk 0:04:47]} Kd5 {[%clk
0:05:21]} 53. Rh7 {[%clk 0:05:00]} Bc6 {[%clk 0:04:47]} 54. Rh5 {[%clk 0:04:46]}
Rg7 {[%clk 0:01:33]} 55. Bb1 {[%clk 0:02:40]} Rg8 {[%clk 0:01:23]} 1/2-1/2